| 000 | 00691nam a2200217Ii 4500 | ||
|---|---|---|---|
| 003 | JO-AjNU | ||
| 008 | 230606s9999||||xx |||||||||||||| ||und|| | ||
| 020 | _a978-0-8153-7353-7 | ||
| 040 |
_aJO-AjNU _beng _erda _cJO-AjNU |
||
| 041 | _aeng | ||
| 050 | 1 | 4 | _aD208.S574 2019 |
| 100 | 3 |
_aedited Heumann, UTE Lotz, _eauthor _96170 |
|
| 245 | 0 | 2 | _aA SOURCEBOOK OF EARLY MODERN EUROPEAN HISTORY: Life, Death, and Everything in Between |
| 250 | _a1ed | ||
| 264 | 3 | 1 | _aNew York and London:Routledge,2019 |
| 300 | _a305p | ||
| 336 |
_atext _btxt _2rdacontent |
||
| 337 |
_aunmediated _bn _2rdamedia |
||
| 338 |
_avolume _bnc _2rdacarrier |
||
| 650 | 4 |
_aSOURCEBOOK OF EARLY MODERN-LIFE-DEATH _96171 |
|
| 999 |
_aE3202 _c3198 _d3198 |
||